|
|
|
|
| LEADER |
02917ngm a2200637Ia 4500 |
| 001 |
AAL9359 |
| 005 |
20230817142853.0 |
| 007 |
vd cvaizk |
| 008 |
171104p19981997cau126 g vleng d |
| 020 |
|
|
|a 1558908641
|
| 020 |
|
|
|a 9781558908642
|
| 024 |
1 |
0 |
|a 717951000552
|
| 028 |
4 |
2 |
|a 14888
|b Buena Vista Home Entertainment
|
| 040 |
|
|
|a TLM
|c TLM
|d TMI
|d OCLCQ
|d OMP
|d OCLCQ
|d MYG
|d BD-DhAAL
|
| 049 |
|
|
|a MYGG
|
| 082 |
0 |
4 |
|a 791.4372
|
| 245 |
0 |
0 |
|a Good Will Hunting
|h [videorecording] /
|c [presented by] Miramax Films ; produced by Lawrence Bender ; written by Ben Affleck & Matt Damon ; directed by Gus Van Sant.
|
| 250 |
|
|
|a Widescreen ed.
|
| 260 |
|
|
|a Burbank, California :
|b Miramax Home Entertainment :
|b Distributed by Buena Vista Home Entertainment,
|c [1998].
|
| 300 |
|
|
|a 1 videodisc (126 min.) :
|b sd., col. ;
|c 4 3/4 in.
|
| 490 |
1 |
|
|a Miramax collector's series
|
| 500 |
|
|
|a Title from disc.
|
| 500 |
|
|
|a Includes 11 deleted scenes with commentary, production featurette, theatrical trailer, TV commercials, Academy Award "Best Picture" montage, Miss Misery" music video, behind-the-scenes footage, and chapter search.
|
| 500 |
|
|
|a Dolby digital 5.1 audio, stereo.
|
| 500 |
|
|
|a "14888."
|
| 508 |
|
|
|a Director of photography, Jean Yves Escoffier ; editor, Pietro Scalia ; music, Danny Elfman.
|
| 511 |
1 |
|
|a Robin Williams, Matt Damon, Ben Affleck, Stellan Skarsgard, Minnie Driver.
|
| 520 |
|
|
|a A young working-class genius is hauled back from the brink of self-destruction by a gifted counselor.
|
| 521 |
8 |
|
|a Rated R.
|
| 538 |
|
|
|a DVD.
|
| 538 |
|
|
|a DVD player required.
|
| 546 |
|
|
|a Closed captioned.
|
| 586 |
8 |
|
|a 1997 Academy Award: Best supporting Actor (Robin Williams), Best Original Screenplay (Ben Affleck, Matt Damon).
|
| 650 |
|
0 |
|a Feature films.
|9 22901
|
| 650 |
|
0 |
|a Genius
|v Drama.
|9 22902
|
| 650 |
|
0 |
|a Genius and mental illness
|v Drama.
|9 22903
|
| 650 |
|
0 |
|a Video recordings for the hearing impaired.
|9 22904
|
| 700 |
1 |
|
|a Van Sant, Gus.
|9 22905
|
| 700 |
1 |
|
|a Williams, Robin,
|d 1951-2014.
|9 22906
|
| 700 |
1 |
|
|a Damon, Matt.
|9 22907
|
| 700 |
1 |
|
|a Affleck, Ben,
|d 1972-
|9 22908
|
| 700 |
1 |
|
|a Skarsgr̄d, Stellan.
|9 22909
|
| 700 |
1 |
|
|a Driver, Minnie.
|9 22910
|
| 710 |
2 |
|
|a Miramax Films.
|9 22911
|
| 710 |
2 |
|
|a Miramax Home Entertainment (Firm)
|9 22912
|
| 710 |
2 |
|
|a Buena Vista Home Entertainment (Firm)
|9 22913
|
| 830 |
|
0 |
|a Miramax collector's series.
|9 22914
|
| 852 |
0 |
|
|b MUS
|k DVD
|h PN1997.G62.A1 1998
|
| 852 |
0 |
|
|b HUM
|c MEDIA
|k DVD
|h PN1997.G62.A1 1998
|
| 852 |
0 |
1 |
|b ARC
|c NOLN2
|h PN1997.G62.A1 1998
|
| 876 |
|
1 |
|l MIT01
|h PN1997.G62.A1 1998
|8 20120507
|
| 876 |
|
1 |
|l MIT01
|h PN1997.G62.A1 1998
|8 20070917
|
| 876 |
|
1 |
|l MIT01
|h PN1997.G62.A1 1998
|8 20110203
|
| 942 |
|
|
|2 ddc
|c AV
|
| 999 |
|
|
|c 38488
|d 38488
|
| 952 |
|
|
|0 0
|1 0
|2 ddc
|4 0
|6 791_437200000000000_GOO
|7 0
|9 61716
|a SCL
|b SCL
|c AV
|d 2017-11-04
|l 1
|o 791.4372 GOO
|p 4020009359
|r 2023-02-11
|s 2023-02-07
|t 1
|w 2017-11-04
|y AV
|